La alimentación del deportista
Sábháilte in:
| Príomhchruthaitheoir: | |
|---|---|
| Formáid: | LEABHAR |
| Teanga: | Spáinnis |
| Foilsithe / Cruthaithe: |
Barcelona
Martínez Roca
1988
|
| Sraith: | Deportes. Técnicas
|
| Ábhair: | |
| Clibeanna: |
Cuir clib leis
Níl clibeanna ann, Bí ar an gcéad duine le clib a chur leis an taifead seo!
|
MARC
| LEADER | 00000nam a2200000 a 4500 | ||
|---|---|---|---|
| 001 | UCY2912 | ||
| 003 | CL-VaPUC | ||
| 008 | 941129e19880000SP |||||||||||||||||spa|d | ||
| 082 | 0 | 4 | |a 613.28 |b KON |2 21 |
| 100 | |a Konopka, Peter |e author |9 331079 | ||
| 245 | 1 | 3 | |a La alimentación del deportista |
| 300 | |a 198 p | ||
| 942 | |c BK | ||
| 945 | |d 19941129 00:00:00 |a aalvarez | ||
| 260 | |a Barcelona |b Martínez Roca |c 1988 | ||
| 650 | 7 | |a NUTRICION DE ATLETAS |2 CL-VaPUC |9 308123 | |
| 650 | 7 | |a DEPORTES ASPECTOS MEDICOS |2 CL-VaPUC |9 309688 | |
| 583 | |a last modification |c 19941129 00:00:00 |k Rodrigo Vera | ||
| 490 | 0 | |a Deportes. Técnicas | |
| 999 | |c 231186 |d 231184 | ||
| 952 | |0 0 |1 0 |4 0 |6 613_280000000000000_KON_1988 |7 0 |8 A |9 234059 |a BIBEDU |b BIBEDU |c ES_NOD |d 2019-11-15 |i 3035212 |o 613.28 KON 1988 |p 3035212 |r 2023-08-09 |w 2019-11-15 |y BK |k EFI | ||